000 02445cam a22005054i 4500
003 PE-LiUPU
005 20250731180130.0
008 150625s r 000 0 d
020 _a9706863281
035 _a(Sirsi) i9789706863287
040 _aPE-LiUPU
_bspa
_cPE-LiUPU
_erda
049 _aPRUA
082 0 4 _a539
_bB18
_221
100 1 _aBall, David W.,
_eautor.
245 1 0 _aFisicoquímica /
_cDavid W. Ball.
264 1 _aMéxico D.F. :
_bThomson,
_c2004.
300 _a837 páginas :
_bilustraciones, figuras, tablas, retrs. ;
_c27 centímetros
336 _atext
_2rdacontent
337 _aunmediated
_2rdamedia
338 _avolume
_2rdacarrier
505 0 _aGases y ley cero de la termodinámica. -Primera ley de la termodinámica. -Segunda y tercera leyes de la termodinámica. -Energía libre y potencial química. -Introducción al equilibrio químico. -Equilibrio en sistemas de un solo componente. -Equilibrios en sistemas multicomponentes. -Electroquímica y disoluciones iónicas. -Mecánica precuántica. -Introducción a la mecánica cuántica. -Mecánica cuántica: sistemas modelo y el átomo de hidrógeno. -Atomos y moléculas. -Introducción a la simetría en mecánica cuántica. -Espectroscopía rotacional y vibracional. -Introducción a la espectroscopía y las estructuras electrónicas. -Introducción a la espectroscopía magnética. -Termodinámica estadística: introducción. -Más termodinámica estadística. -Teoría cinética de los gases. -Cinética. -Estado sólido: cristales. -Superficies.
526 _aSEG44
526 _aSEG26
526 _aP159
526 _aP155
526 _aP154
526 _aP153
526 _aP150
526 _aP100
526 _aP31
526 _aP30
526 _aP26
526 _aP25
526 _aP24
526 _aP22
526 _aP15
526 _aP10
541 _g0014-013176;
650 0 4 _aFísico química
_vTextos Universitarios.
942 _2ddc
_cBOOK
949 _a539 B18
_wDEWEY
_c1
_i55435
_d2016-10-26
_e2016-10-24
_lCCODEBUL1
_mBUL
_n7
_p26.00
_r0
_sY
_tBOOK
_u2015-6-25
_xINGENIERIA
_PP26
_0COMPRA
_o.STAFF. Colección General
994 _aC0
_bPEPRU
596 _a1
999 _a539 B18
_wDEWEY
_c44329
_i55435
_d44329
_e2016-10-24
_f2021-11-9
_g7
_lCCODEBUL1
_mBUL
_n7
_p26.00
_q2
_r0
_sY
_tBOOK
_u2015-6-25
_xINGENIERIA
_PP26
_0COMPRA
_o.STAFF. Colección General
980 _81
_gALBERTO SANCHEZ Responsable de Automatización